Schaum's outline of theory and problems of linear algebra

Αποθηκεύτηκε σε:
Λεπτομέρειες βιβλιογραφικής εγγραφής
Κύριος συγγραφέας: Lipschutz, Seymour
Μορφή: Βιβλίο
Γλώσσα:English
Δημοσίευση: New York : McGraw-Hill, c1991.
Έκδοση:2η έκδ.
Σειρά:Schaum's outline series
Θέματα:
Ετικέτες: Προσθήκη ετικέτας
Δεν υπάρχουν, Καταχωρήστε ετικέτα πρώτοι!

MARC

LEADER 00000cam a2200000 i 4500
001 1/58413
008 941103s1991 nyu| ||| |||| ||eng||
020 |a 0070380074 
035 |a 1992  |c ΔΩΡΕΑ  |l 10045905 
040 |a GR-MyUA  |b gre  |e AACR2 
041 0 |a eng 
082 0 |a 512.5 
100 1 |a Lipschutz, Seymour. 
245 1 0 |a Schaum's outline of theory and problems of linear algebra /   |c Seymour Lipschutz.  
246 3 3 |a Outline of theory and problems of linear algebra 
246 3 3 |a Linear algebra 
250 |a 2η έκδ.  
260 |a New York :   |b McGraw-Hill,   |c c1991.  
300 |a vii, 453 σ. ;   |c 27 εκ.  
490 1 |a (Schaum's outline series)  
504 |a Περιέχει ευρετήριο 
650 0 0 |a Algebras, Linear  |x Outlines, syllabi, etc. 
767 0 8 |i Μεταφρασμένο ως:   |t θεωρία και προβλήματα στη γραμμική άλγεβρα /  
830 0 |a Schaum's outline series 
852 |a INST  |b LESVOS  |e 20010122  |h 512.5 LIP  |p 005100029168  |q 005100029168  |t BK  |y 0 
852 |a INST  |b SAMOS  |e 19941103  |h 512.5 LIP  |p 005300001602  |q 005300001602  |t BK  |y 0 
909 |a Σ  |b 021637 
909 |a Λ  |b 084528 
922 |a 1ΕΛΗ  |b 200012  |c ΤΑΚ/ΤΕΘ  |d ΜΙΧΑΛΟΠΟΥΛΟΣ 
950 |a 134-2000-12-06